00379 a2200109 4500001001000000005001700010008004100027245005600068100002900124773009900153999001700252ART_3471020260410161852.0260409a 10aLa reforma procesal penal como política pública1 aErbetta, Daniel Aníbal0 tDerecho PenalgCódigo procesal penal de la Nación - Año IV, Nº 10 (oct. 2015)wREV10351 c25076d25076